Aprendiendo windows NT server 4

Salvato in:
Dettagli Bibliografici
Autore principale: Wyatt, Allen (Autore)
Natura: Libro
Lingua:spagnolo
Pubblicazione: Ciudad de México Prentice Hall Hispanoamericana 1998
Soggetti:
Tags: Aggiungi Tag
Nessun Tag, puoi essere il primo ad aggiungerne!!

MARC

LEADER 00000nam a2200000 a 4500
001 UCP6699
003 CL-VaPUC
008 991112e19980000MX |||||||||||||||||spa|d
082 0 4 |a 005.3  |b WYA  |2 21 
100 0 |a Wyatt, Allen  |e author  |9 435950 
245 1 0 |a Aprendiendo windows NT server 4 
300 |a 453 p 
942 |c BK 
945 |d 19991112 00:00:00  |a rbrito 
260 |a Ciudad de México  |b Prentice Hall Hispanoamericana  |c 1998 
650 0 |a Programas para computadores  |9 260340 
650 0 |a Windows  |9 324619 
650 0 |a Administradores de archivos   |9 435952 
650 0 |a Redes de computadores  |9 263293 
583 |a last modification  |c 19991112 00:00:00  |k Rodrigo Vera 
999 |c 284166  |d 284164 
952 |0 0  |1 0  |4 0  |6 005_300000000000000_WYA_1998  |7 0  |8 A  |9 327938  |a BIBING  |b BIBING  |d 2019-11-20  |i 3565661  |o 005.3 WYA 1998  |p 3565661  |r 2025-01-20  |w 2019-11-20  |y BK  |k CCI 
952 |0 0  |1 0  |4 0  |6 005_300000000000000_WYA_1998  |7 0  |8 A  |9 327939  |a BIBING  |b BIBING  |d 2019-11-20  |i 356567K  |o 005.3 WYA 1998  |p 356567K  |r 2025-01-20  |w 2019-11-20  |y BK  |k CCI